Descripciones de suelos: estudio agrológico

Na minha lista:
Detalhes bibliográficos
Autor Corporativo: Centro de Información de Recursos Naturales (Author)
Formato: Livro
Idioma:espanhol
Publicado em: Santiago CIREN 1989
Colecção:Publicación CIREN, 48
Assuntos:
Tags: Adicionar Tag
Sem tags, seja o primeiro a adicionar uma tag!

MARC

LEADER 00000nam a2200000 a 4500
001 UCP4070
003 CL-VaPUC
008 990724e19890000CL |||||||||||||||||spa|d
082 0 4 |a 631.47  |b CEN  |2 21 
110 2 |a Centro de Información de Recursos Naturales  |e author  |9 431470 
245 1 0 |a Descripciones de suelos: estudio agrológico 
300 |a v 
942 |c BK 
945 |d 19990724 00:00:00  |a rbrito 
260 |a Santiago  |b CIREN  |c 1989 
500 |a v.1: de la costa(VI región);v.2: Provincia de cachapoal(VI región);v.3: Provincia de Colchagua(VI región) 
650 7 |a EDAFOLOGIA  |2 CL-VaPUC  |9 431471 
650 0 |a Suelos  |9 260322 
650 0 |a Topografía   |9 260423 
650 0 |a Química del suelo  |9 360372 
650 7 |a FISICA DEL SUELO  |2 CL-VaPUC  |9 350105 
650 0 |a Cartografía   |9 266055 
650 0 |a Análisis de suelos   |9 524831 
650 0 |a Fertilización   |9 259681 
650 7 |a SALINIDAD  |2 CL-VaPUC  |9 263023 
583 |a last modification  |c 19990724 00:00:00  |k Rodrigo Vera 
490 0 |a Publicación CIREN, 48 
999 |c 282149  |d 282147 
952 |0 0  |1 0  |4 0  |6 631_470000000000000_CEN_1989  |7 0  |8 A  |9 323619  |a BIBAGR  |b BIBAGR  |d 2019-11-20  |h v.1  |i 3542327  |o 631.47 CEN 1989  |p 3542327  |r 2025-01-20  |w 2019-11-20  |y BK  |k AGR 
952 |0 0  |1 0  |4 0  |6 631_470000000000000_CEN_1989  |7 0  |8 A  |9 323620  |a BIBAGR  |b BIBAGR  |d 2019-11-20  |h v.1  |i 3542335  |l 1  |o 631.47 CEN 1989  |p 3542335  |r 2025-01-20  |s 2021-08-20  |w 2019-11-20  |y BK  |k AGR 
952 |0 0  |1 0  |4 0  |6 631_470000000000000_CEN_1989  |7 0  |8 A  |9 323621  |a BIBAGR  |b BIBAGR  |d 2019-11-20  |h v.2  |i 3542343  |o 631.47 CEN 1989  |p 3542343  |r 2025-01-20  |w 2019-11-20  |y BK  |k AGR 
952 |0 0  |1 0  |4 0  |6 631_470000000000000_CEN_1989  |7 0  |8 A  |9 323622  |a BIBAGR  |b BIBAGR  |d 2019-11-20  |h v.2  |i 3542351  |o 631.47 CEN 1989  |p 3542351  |r 2025-01-20  |w 2019-11-20  |y BK  |k AGR 
952 |0 0  |1 0  |4 0  |6 631_470000000000000_CEN_1989  |7 0  |8 A  |9 323623  |a BIBAGR  |b BIBAGR  |d 2019-11-20  |h v.3  |i 3539512  |o 631.47 CEN 1989  |p 3539512  |r 2025-01-20  |w 2019-11-20  |y BK  |k AGR 
952 |0 0  |1 0  |4 0  |6 631_470000000000000_CEN_1989  |7 0  |8 A  |9 323624  |a BIBAGR  |b BIBAGR  |d 2019-11-20  |h v.3  |i 3539520  |o 631.47 CEN 1989  |p 3539520  |r 2025-01-20  |w 2019-11-20  |y BK  |k AGR